000 00637cab a2200217 4500
001 WB3342-47
008 090401t1997 xxu||||| |||| 00| 0 eng d
035 _a(Sirsi) u81697
041 _aeng
245 _aFarm rents lag
260 _c1997
350 _a0
490 _aFarmers' Weekly
_v127(17) 24 October 1997, 26(1)
520 _aTraditional tenancies farm rents are still lagging behind compared to the rest of agriculture, according to latest figures by Strutt and Parker.
650 _aFARM RENTS
650 _aFORECASTS
650 _aSTRUTT & PARKER
690 _aRURAL PRACTICE
942 _n0
948 _c28/10/1997
999 _c51501
_d51501